000 00617cam a2200145 4500500
005 20260208002443.0
041 _afre
042 _adc
100 1 0 _aMasset, Claude
_eauthor
245 0 0 _aArash Khazeni, Tribes and Empire on the Margins of Nineteenth-Century Iran, Seattle-London, University of Washington Press, 2009 292 p., bibl., index, gloss., ill., cartes (« Publications in the Near East »)
260 _c2011.
500 _a55
786 0 _nL'Homme | 200 | 4 | 2011-11-01 | p. 227l-262l | 0439-4216
856 4 1 _uhttps://shs.cairn.info/revue-l-homme-2011-4-page-227l?lang=fr&redirect-ssocas=7080
999 _c1646442
_d1646442